000 00552nam a22001937a 4500
001 4283
003 BD-RjUL
005 20211208233851.0
008 131222s1955 cc ||||| |||| 00| 0 eng d
035 _a(BD-RjUL)
040 _aBD-RjUL
_beng
_cBD-RjUL
041 _aeng
082 _a328.75504
_bPET 1955
100 _a Perry ,J H
_913568
245 _aTaxes, tariffs and subsidies :
_ba history of Canadian fiscal development /
_pVOL-1
260 _aToronto : Univ. Press, 1955.
_bUniv. Press
_c1955
300 _aXVIII, 324 S.
_c23cm.
942 _2ddc
_cBK
999 _c4283
_d4283